مكتبة جامعة عجلون الوطنية

فهرس بحث المكتبة

أثر هيكل الملكية على العلاقة بين مصادر التمويل وممارسات التنمية المستدامة في الشركات الصناعية الأردنية = The Impatct of Ownership Structure on the Relationship between Finance Sources and Sustainable Practices in Jordanian Industrial Companies / (Record no. 33918)

MARC details
000 -LEADER
fixed length control field 01273nam a22002057a 4500
003 - CONTROL NUMBER IDENTIFIER
control field JO-AjAnu
005 - DATE AND TIME OF LATEST TRANSACTION
control field 20250714125901.0
008 - FIXED-LENGTH DATA ELEMENTS--GENERAL INFORMATION
fixed length control field 250713b jo ||||| |||| 00| 0 ara d
040 ## - CATALOGING SOURCE
Original cataloging agency JO-AjAnu
Language of cataloging ara
Transcribing agency JO-AjAnu
Modifying agency JO-AjAnu
Description conventions rda
041 ## - LANGUAGE CODE
Language code of text/sound track or separate title ara
Language code of original ara
050 ## - LIBRARY OF CONGRESS CALL NUMBER
Classification number HG4235.25
Item number 2025
100 #1 - MAIN ENTRY--PERSONAL NAME
Personal name القضاة، ولاء محمد محمود
Relator term معد
9 (RLIN) 66547
245 #0 - TITLE STATEMENT
Title أثر هيكل الملكية على العلاقة بين مصادر التمويل وممارسات التنمية المستدامة في الشركات الصناعية الأردنية = The Impatct of Ownership Structure on the Relationship between Finance Sources and Sustainable Practices in Jordanian Industrial Companies /
Statement of responsibility, etc. اعداد ولاء محمد محمود القضاة ؛ اشراف احمد ابراهيم كراجة
260 ## - PUBLICATION, DISTRIBUTION, ETC.
Date of publication, distribution, etc. 2025
300 ## - PHYSICAL DESCRIPTION
Extent 96 ورقة
504 ## - BIBLIOGRAPHY, ETC. NOTE
Bibliography, etc. note رسالة جامعية(رسالة ماجستير) - جامعة عجلون الوطنية، (عجبون، الاردن) كلية الاعمال، قسم المحاسبة، 2025.
650 70 - SUBJECT ADDED ENTRY--TOPICAL TERM
Topical term or geographic name entry element الشركات الصناعية -- محاسبة -- الأردن
Form subdivision الشركات-محاسبة-الاردن.
9 (RLIN) 30853
700 #1 - ADDED ENTRY--PERSONAL NAME
Personal name كراجة، احمد ابراهيم.
Relator term مشرف
9 (RLIN) 65236
942 ## - ADDED ENTRY ELEMENTS (KOHA)
Source of classification or shelving scheme Library of Congress Classification
Koha item type Thesis
Suppress in OPAC No
Holdings
Withdrawn status Lost status Source of classification or shelving scheme Damaged status Not for loan Home library Current library Date acquired Total Checkouts Full call number Barcode Date last seen Price effective from Koha item type
    Library of Congress Classification     مكتبة جامعة عجلون الوطنية مكتبة جامعة عجلون الوطنية 13/07/2025   HG4235.25 2025 a30264 13/07/2025 13/07/2025 Thesis
    Library of Congress Classification     مكتبة جامعة عجلون الوطنية مكتبة جامعة عجلون الوطنية 13/07/2025   HG4235.25 2025 a30263 13/07/2025 13/07/2025 Thesis